000 00822 am a22002897a 4500
999 _c2293
_d2293
001 010716744
003 OSt
005 20230411081248.0
008 910306s1990 enk j| 000 1|eng
015 _aGB9032959
_2bnb
020 _a0749800216 (pbk) :
039 0 _a2130
040 _aUk
_cUk
_dKH8
082 0 4 _a813.54 HAR
_220
100 1 _aHargreaves, Roger,
_d1935-1988.
_eAuthor
245 1 0 _aMr. Tall.
_cRoger Hargreaves
260 _bWorld International,
_c1990.
300 _a35 unnumbered pages :
_billustrations ;
_c13 x 14 cm.
336 _atext
_2rdacontent
337 _aunmediated
_2rdamedia
338 _avolume
_2rdacarrier
440 _a My Mr. Men library
500 _aOriginally published: 1978
653 1 _aEnglish fiction
_aChildren's stories
653 1 _aUnited States
942 _2ddc
_cBK